000 00567nam a22002057a 4500
003 OSt
005 20140310182800.0
008 130213t xxu||||| |||| 00| 0 eng d
020 _a9780495569053
050 _aHM 1221
_b.N558 2010
082 _aM 659.2
_bN559 2010
100 _aNewsom, Doug
245 _aThis is PR :
_bthe realities of public relations /
_cDoug Newsom.
250 _a10th ed.
260 _aBoston, MA :
_bCengage/Wadsworth,
_c2010.
300 _axii, 414 p. :
_c26 cm.
_bill. ;
521 _aMC
942 _2lcc
_cBK
_kFOR
999 _c15952
_d15952